| 000 | 00416nam a22001457a 4500 | ||
|---|---|---|---|
| 005 | 20240925135640.0 | ||
| 008 | 240925b |||||||| |||| 00| 0 eng d | ||
| 082 | _a348 SOU | ||
| 100 | _lEnglish | ||
| 245 | _aThe Law of South Africa | ||
| 260 |
_aDurban: _bButterworth Publishers, _c1995 |
||
| 300 |
_bxxiii, 678 pages; _c26 cm. |
||
| 650 |
_aLegal practice _bLaw |
||
| 942 |
_cBK _6ALISON_BN_VRIES |
||
| 999 |
_c3135 _d3135 |
||